000
nam a22 7a 4500
999
_c
234412
_d
234412
003
Nust
005
20170320152303.0
008
170320b xxu||||| |||| 00| 0 eng d
020
_a
81-7754-091-2
040
_c
ASAB
082
_a
553.7
245
_a
water in relation to soils and plants
_c
by O.P. Gupta
300
_a
163 p
942
_2
ddc
_c
BK